Metódy operačnej analýzy v riešení dopravných úloh bakalárska práca

Salvato in:
Dettagli Bibliografici
Autore principale: Bajčiová, Vladimíra
Ente Autore: Podnikovohospodárska fakulta EU so sídlom v Košiciach. Katedra ekonómie
Altri autori: Pružinský, Michal, 1952-
Natura: Libro
Lingua:slovacco
Pubblicazione: Košice 2020
Tags: Aggiungi Tag
Nessun Tag, puoi essere il primo ad aggiungerne!!

MARC

LEADER 00000nbm a2200000 4500
001 0265382
005 20240827092533.3
041 0 |a slo 
044 |a SK 
245 1 0 |a Metódy operačnej analýzy v riešení dopravných úloh  |b bakalárska práca  |c Vladimíra Bajčiová ; školiteľ: Michal Pružinský 
264 1 |a Košice  |c 2020 
300 |a 43 s. 
100 1 |a Bajčiová, Vladimíra 
700 1 |a Pružinský, Michal, 1952- 
710 2 |a Podnikovohospodárska fakulta EU so sídlom v Košiciach. Katedra ekonómie